| 000 | 00523nam a22001697a 4500 | ||
|---|---|---|---|
| 999 |
_c9307 _d9307 |
||
| 008 | 210403b ||||| |||| 00| 0 eng d | ||
| 040 | _aBMS College of Architecture | ||
| 100 | _aM, S, Revathi | ||
| 245 | _aCity recreation centre Nerul Navi Mumbai | ||
| 300 | _aNA | ||
| 500 | _a1BM99AT024 | ||
| 502 |
_8B.Arch _NBMS College of Architecture, Visvesvaraya Technological University _aProject report _d2004 |
||
| 650 | _aNavi Mumbai | ||
| 700 |
_aK R Madhu Chand _eGuide |
||
| 700 |
_aMamta P Raj _eGuide |
||
| 942 |
_2ddc _cTHE |
||